Les meilleurs buteurs de l'histoire du SCO d'Angers - Statistiques

Statistiques générales
  • Ce quiz a été pris 21 fois
  • Le résultat moyen est 2 sur 10
Statistiques - réponses
Buts Nationalité Joueur % Correct
42 Roumanie Claudiu Keșerü
74%
80 France Marc Berdoll
47%
70 France Éric Edwige
21%
46 Serbie Bosko Antic
16%
107 France Stéphane Bruey
16%
41 France Michel Margottin
11%
59 Côte d'Ivoire Ignace Wognin
5%
39 France Jean-Pierre Dogliani
5%
70 France Michel Stievenard
5%
38 France Robert Lamartine
5%
Aucun quiz correspondant
Distribution des résultats
% des personnes avec chaque résultat
Percentile par nombre de réponses
Votre historique - résultats
Vous n’avez pas pris ce quiz